[Event "ROM-ch U10 Girls"]
[Site "Calimanesti"]
[Date "2013.04.07"]
[Round "8"]
[White "Parausanu, Adriana Georgia"]
[Black "Stana, Bianca Elena"]
[Result "0-1"]
[WhiteElo "1001"]
[BlackElo "1001"]
[PlyCount "74"]
[EventDate "2013.04.02"]
[EventType "swiss"]
[EventRounds "9"]
[EventCountry "ROU"]
[SourceTitle "CBM 153 Extra"]
[Source "ChessBase"]
[SourceDate "2013.04.22"]
[SourceVersion "1"]
[SourceVersionDate "2013.04.22"]
[SourceQuality "1"]

1. e4 e5 2. Nf3 Nc6 3. c3 Nf6 4. d3 d6 5. Nbd2 Bd7 6. d4 Be7 7. Bd3 0-0 8. 0-0 a6 9. Nc4 exd4 10. cxd4 b5 11. Na3 Na7 12. Ng5 c5 13. Nc2 c4 14. Be2 h6 15. Nh3 Bxh3 16. gxh3 Nxe4 17. Bf3 Rc8 18. Bxe4 Bh4 19. Qg4 Qf6 20. b3 c3 21. Nb4 g5 22. Nd5 Qd8 23. Qh5 Rb8 24. Qxh6 f5 25. Qg6+ Kh8 26. Bxf5 Rb7 27. Qh7+ Rxh7 28. Bxh7 Kxh7 29. Nxc3 Qc7 30. Nd5 Qc2 31. Ne3 Qe4 32. Ng4 Qe2 33. Ne3 Bxf2+ 34. Rxf2 Qxf2+ 35. Kh1 Rf3 36. d5 Rxh3 37. Ng4 Qf1# 0-1

[Event "ROM-ch U10 Girls"]
[Site "Calimanesti"]
[Date "2013.04.04"]
[Round "4"]
[White "Stana, Bianca Elena"]
[Black "Iarca, Irina Maria"]
[Result "0-1"]
[WhiteElo "1001"]
[BlackElo "1027"]
[PlyCount "54"]
[EventDate "2013.04.02"]
[EventType "swiss"]
[EventRounds "9"]
[EventCountry "ROU"]
[SourceTitle "CBM 153 Extra"]
[Source "ChessBase"]
[SourceDate "2013.04.22"]
[SourceVersion "1"]
[SourceVersionDate "2013.04.22"]
[SourceQuality "1"]

1. e4 e5 2. Nf3 Nc6 3. Bc4 a6 4. Nc3 Nf6 5. d3 Bc5 6. b3 0-0 7. Bb2 d6 8. Qe2 Bg4 9. h3 Bxf3 10. Qxf3 Nd4 11. Qd1 h6 12. Nd5 b5 13. Nxf6+ Qxf6 14. Bd5 c6 15. c3 cxd5 16. cxd4 exd4 17. exd5 Rae8+ 18. Kd2 Qxf2+ 19. Kc1 Bb4 20. Kb1 Re2 21. Qc1 Bd2 22. Qc6 Be3 23. Bc1 Qxg2 24. Rd1 Bg5 25. h4 Bf4 26. h5 Rfe8 27. Qxa6 Bxc1 0-1

[Event "ROM-ch U10 Girls"]
[Site "Calimanesti"]
[Date "2013.04.03"]
[Round "2"]
[White "Stana, Bianca Elena"]
[Black "Patru, Alexandra Ioana"]
[Result "0-1"]
[WhiteElo "1001"]
[BlackElo "1209"]
[PlyCount "82"]
[EventDate "2013.04.02"]
[EventType "swiss"]
[EventRounds "9"]
[EventCountry "ROU"]
[SourceTitle "CBM 153 Extra"]
[Source "ChessBase"]
[SourceDate "2013.04.22"]
[SourceVersion "1"]
[SourceVersionDate "2013.04.22"]
[SourceQuality "1"]

1. e4 d5 2. d3 dxe4 3. Nc3 exd3 4. Qxd3 Qxd3 5. Bxd3 e5 6. Bd2 Nc6 7. 0-0-0 Nf6 8. Nf3 g6 9. Bb5 Bd6 10. Bxc6+ bxc6 11. Bg5 Ng4 12. Rhf1 f6 13. Bd2 Ba6 14. Rfe1 Nxf2 15. Ne4 Nxd1 16. Rxd1 0-0 17. Ba5 Rad8 18. Nxd6 Rxd6 19. Nd2 Rd5 20. Bxc7 Rc8 21. Ba5 Rxa5 22. a3 Rd5 23. b3 Rcd8 24. c4 R5d7 25. a4 e4 26. Kc2 e3 27. Rf1 Rxd2+ 28. Kc3 Rf2 29. Re1 e2 30. Kb4 Rd1 31. Rxe2 Rxe2 32. Kc5 Ra1 33. b4 Rxa4 34. Kxc6 Rxb4 35. Kc5 Rxc4+ 36. Kd6 Rd2+ 37. Ke6 Rc6+ 38. Ke7 Kg7 39. Ke8 Rc7 40. g4 Rb2 41. h4 Rb8# 0-1